000
00219nam a2200097Ia 4500
008
230508s1993 xx 000 0 und d
041
_a
eng
100
_a
NAGPAL G.R.
245
_a
POWER PLANT ENGINEERING
260
_c
1993
999
_c
341516
_d
341516